000 00267nam a2200109Ia 4500
008 190914s9999||||xx |||||||||||||| ||und||
100 _aLexicon Publications
245 0 _aLexicon Universal Encyclopedia
260 _aUSA
_bLexicon
_c2000
300 _a950
942 _cBK
999 _c8514
_d8514